Welcome to the Holygrace Academy Library

Please use search bar below to get started

SIMPLIFIED ENGLISH GRAMMAR AND USAGE (Record no. 3798)

MARC details
000 -LEADER
fixed length control field 00322nam a22001337a 4500
020 ## - INTERNATIONAL STANDARD BOOK NUMBER
ISBN 978-93-83080-03-8
082 ## - DEWEY DECIMAL CLASSIFICATION NUMBER
Classification number 425
Item number KAN/S
100 ## - MAIN ENTRY--AUTHOR NAME
Personal name KANDAPARAMBIL, JOHNY V
245 ## - TITLE STATEMENT
Title SIMPLIFIED ENGLISH GRAMMAR AND USAGE
260 ## - PUBLICATION, DISTRIBUTION, ETC. (IMPRINT)
Place of publication THRISSUR
Name of publisher H&C BOOKS
300 ## - PHYSICAL DESCRIPTION
Number of Pages 96
650 ## - SUBJECT ADDED ENTRY--TOPICAL TERM
Topical Term ENGLISH GRAMMAR
Geographic subdivision THRISSUR
942 ## - ADDED ENTRY ELEMENTS (KOHA)
Koha item type Books
Holdings
Withdrawn status Lost status Collection code Home library Current library Shelving location Date acquired Source of acquisition Cost, normal purchase price Full call number Accession Number Koha item type
    Reference Main Library Main Library SHELF-16C -ENGLISH GRAMMAR SYNONYMS7ANTONYMS,LETTERS, ETC 01/03/2044 PURCHASE 20.00 425 KAN/S 01687 Books